Catálogo

EL DERECHO LABORAL (Registro nro. 58325)

Detalles MARC
000 -LEADER
fixed length control field 00992nam a2200205 a 4500
001 - CONTROL NUMBER
control field 58325
005 - DATE AND TIME OF LATEST TRANSACTION
control field 20180714054909.0
008 - FIXED-LENGTH DATA ELEMENTS--GENERAL INFORMATION
fixed length control field 140415s1985 mx 000 0 spa d
020 ## - INTERNATIONAL STANDARD BOOK NUMBER
International Standard Book Number 9682313112
041 ## - LANGUAGE CODE
Language code of text/sound track or separate title spa
082 ## - DEWEY DECIMAL CLASSIFICATION NUMBER
Classification number 344.7201
Item number BEN
245 03 - TITLE STATEMENT
Title EL DERECHO LABORAL
250 ## - EDITION STATEMENT
Edition statement 1a ed.
260 ## - PUBLICATION, DISTRIBUTION, ETC.
Place of publication, distribution, etc. MEXICO :
Name of publisher, distributor, etc. SIGLO XXI EDITORES,
Date of publication, distribution, etc. 1985
300 ## - PHYSICAL DESCRIPTION
Extent 53
Dimensions 10.5 x 1.8 x 18
490 ## - SERIES STATEMENT
Series statement "SEPAN CUANTOS..."
Volume/sequential designation 152
520 ## - SUMMARY, ETC.
Summary, etc. ESTA COLECCION CONSTITUYE UNO DE LOS ESFUERZOS MAS NOTABLES DE LOS INVESTIGADORES DE ASUNTOS LABORALES PARA SISTEMATIZAR , PROFUNDIZAR Y ACLARAR UNA INFORMACION A MENUDO DISPERSA Y QUE CON FRECUENCIA SOLO SE ENCUENTRA EN OBRAS ALTAMENTE ESPECIALIZADAS , CORRESPONDIENDO A TEMAS SOBRE LA PRACTICA MISMA DE LA LUCHA OBRERA , Y DE LOS PROBLEMAS NACIONALES.
650 14 - SUBJECT ADDED ENTRY--TOPICAL TERM
Topical term or geographic name entry element DERECHO LABORAL
General subdivision JURISPRUDENCIA
-- TRABAJADORES
-- MEXICO
700 1# - ADDED ENTRY--PERSONAL NAME
Personal name BENSUSAN, GRACIELA -OÑATE, SANTIAGO -ALCALDE JUSTINIANI, ARTURO -CONESA RUIZ, ANA MARIA
Relator term coaut.
Existencias
Withdrawn status Lost status Source of classification or shelving scheme Damaged status Not for loan Collection code Home library Current library Shelving location Date acquired Source of acquisition Inventory number Total Checkouts Full call number Barcode Date last seen Price effective from Koha item type
    Dewey Decimal Classification     General Biblioteca Karol Wojtyla Biblioteca Karol Wojtyla Sala general 03/12/2013 Compra 151000000000000000046787   344.7201 BEN 87917 05/01/2026 03/12/2013 Libro